नीतिशास्त्र मीमांसा / (Record no. 120604)
[ view plain ]
| 000 -LEADER | |
|---|---|
| fixed length control field | 01361nam a22002777a 4500 |
| 005 - DATE AND TIME OF LATEST TRANSACTION | |
| control field | 20170124103200.0 |
| 010 ## - LIBRARY OF CONGRESS CONTROL NUMBER | |
| LC control number | A-740995 |
| 020 ## - INTERNATIONAL STANDARD BOOK NUMBER | |
| Terms of availability | 35.00 |
| 035 ## - SYSTEM CONTROL NUMBER | |
| System control number | A-740995 |
| 037 ## - SOURCE OF ACQUISITION | |
| Source of stock number/acquisition | Cen Lib/Ret |
| 040 ## - CATALOGING SOURCE | |
| Original cataloging agency | DPL |
| Language of cataloging | HN |
| 082 ## - DEWEY DECIMAL CLASSIFICATION NUMBER | |
| Classification number | 170 |
| Item number | मूरजा |
| 100 ## - MAIN ENTRY--PERSONAL NAME | |
| Personal name | मूर, जॉर्ज एडवर्ड |
| 9 (RLIN) | 47448 |
| 245 ## - TITLE STATEMENT | |
| Title | नीतिशास्त्र मीमांसा / |
| Statement of responsibility, etc | जॉर्ज एडवर्ड मूर; अनुवादक अशोक कुमार वर्मा ; संपादक हरिमोहन झा |
| 246 ## - VARYING FORM OF TITLE | |
| Title proper/short title | Nitishastra mimansa / |
| Remainder of title | by George Advard Moor ; anuavadk Ashok Kumar Varma ; sampadak Harimohan Jha |
| 260 ## - PUBLICATION, DISTRIBUTION, ETC. (IMPRINT) | |
| Place of publication, distribution, etc | दिल्ली |
| Name of publisher, distributor, etc | हिंदी माध्यम कार्यान्वयन निदेशालय |
| Date of publication, distribution, etc | 1992 |
| 270 ## - ADDRESS | |
| City | दिल्ली |
| Address | मॉडल टाउन |
| Postal code | 110009 |
| 300 ## - PHYSICAL DESCRIPTION | |
| Extent | xxviii,285पृ. |
| Dimensions | 20सेमी(अजिल्द ) |
| 650 ## - SUBJECT ADDED ENTRY--TOPICAL TERM | |
| Topical term or geographic name as entry element | नीतिशास्त्र मीमांसा |
| General subdivision | |
| Geographic subdivision | |
| 9 (RLIN) | 91517 |
| 650 ## - SUBJECT ADDED ENTRY--TOPICAL TERM | |
| Topical term or geographic name as entry element | नीतिशास्त्र |
| 9 (RLIN) | 91518 |
| 650 ## - SUBJECT ADDED ENTRY--TOPICAL TERM | |
| Topical term or geographic name as entry element | Ethics Metaphysics |
| 9 (RLIN) | 91519 |
| 650 ## - SUBJECT ADDED ENTRY--TOPICAL TERM | |
| Topical term or geographic name as entry element | Ethics |
| 9 (RLIN) | 11191 |
| 700 ## - ADDED ENTRY--PERSONAL NAME | |
| Personal name | वर्मा, अशोक कुमार |
| 9 (RLIN) | 9532 |
| 700 ## - ADDED ENTRY--PERSONAL NAME | |
| Personal name | झा, हरिमोहन |
| 9 (RLIN) | 49983 |
| 942 ## - ADDED ENTRY ELEMENTS (KOHA) | |
| Source of classification or shelving scheme | Dewey Decimal Classification |
| Koha item type | Hindi Books |
| Classification part | 170 |
| Call number suffix | मूरजा |
| Withdrawn status | Lost status | Damaged status | Not for loan | Home library | Current library | Date acquired | Source of acquisition | Cost, normal purchase price | Total Checkouts | Full call number | Barcode | Date last seen | Copy number | Cost, replacement price | Price effective from | Koha item type |
|---|---|---|---|---|---|---|---|---|---|---|---|---|---|---|---|---|
| Central Library | Central Library | 23/09/2015 | Cen Lib/Ref | 35.00 | 170 मूरजा | A-740995 | 23/09/2015 | 1 | 35.00 | 23/09/2015 | Hindi Books |
